[Event "GRE-chT 45th"]
[Site "Achaia"]
[Date "2017.07.08"]
[Round "7.13"]
[White "Patriki, Alexandra"]
[Black "Makrigianni, Eleni Iokasti"]
[Result "1-0"]
[WhiteElo "1202"]
[BlackElo "1047"]
[PlyCount "65"]
[EventDate "2017.07.03"]
[EventType "team-swiss"]
[EventRounds "7"]
[EventCountry "GRE"]
[SourceTitle "CBM 179 Extra"]
[Source "ChessBase"]
[SourceDate "2017.08.23"]
[SourceVersion "1"]
[SourceVersionDate "2017.08.23"]
[SourceQuality "1"]
[WhiteTeam "Florinas OP"]
[BlackTeam "Evoiki HS"]
[WhiteTeamCountry "GRE"]
[BlackTeamCountry "GRE"]

1. e4 e6 2. d4 d5 3. Nd2 Nf6 4. e5 Nfd7 5. f4 c5 6. c3 Nc6 7. Ndf3 b6 8. g3 Be7 9. Bd3 0-0 10. Kf2 cxd4 11. cxd4 Bb7 12. Kg2 Rc8 13. Bb1 f6 14. Ne2 Ba6 15. h3 fxe5 16. fxe5 Bxe2 17. Qxe2 Qe8 18. h4 Qh5 19. Bf4 Ndb8 20. a3 Na5 21. Qd3 Nc4 22. Ra2 a6 23. Bg5 Rc7 24. Bxe7 Rxe7 25. Ng5 g6 26. b3 Na5 27. Rf2 Rxf2+ 28. Kxf2 Re8 29. Kg2 b5 30. Kh3 Qh6 31. Rf1 Qg7 32. Rf6 Re7 33. Nxe6 1-0

[Event "GRE-chT 45th"]
[Site "Achaia"]
[Date "2017.07.04"]
[Round "3.16"]
[White "Makrigianni, Eleni Iokasti"]
[Black "Gioutsou, Miranta"]
[Result "0-1"]
[WhiteElo "1047"]
[BlackElo "1294"]
[PlyCount "78"]
[EventDate "2017.07.03"]
[EventType "team-swiss"]
[EventRounds "7"]
[EventCountry "GRE"]
[SourceTitle "CBM 179 Extra"]
[Source "ChessBase"]
[SourceDate "2017.08.23"]
[SourceVersion "1"]
[SourceVersionDate "2017.08.23"]
[SourceQuality "1"]
[WhiteTeam "Evoiki HS"]
[BlackTeam "Ioannina"]
[WhiteTeamCountry "GRE"]
[BlackTeamCountry "GRE"]

1. d4 Nf6 2. Nf3 c5 3. c3 cxd4 4. cxd4 g6 5. Bf4 Bg7 6. Nc3 0-0 7. h3 d6 8. e3 Nbd7 9. Bd3 Re8 10. 0-0 e5 11. Bg5 h6 12. Bxf6 Nxf6 13. dxe5 dxe5 14. e4 Nh5 15. Rc1 Nf4 16. Bc4 Be6 17. Bxe6 Rxe6 18. Qxd8+ Rxd8 19. b3 Rc6 20. g3 Rxc3 21. Rxc3 Ne2+ 22. Kg2 Nxc3 23. a4 Rd1 24. Rxd1 Nxd1 25. Kf1 Nc3 26. Nd2 f5 27. f3 fxe4 28. fxe4 Bf8 29. Kf2 Bc5+ 30. Kf3 Kf7 31. Nc4 Ke6 32. g4 b5 33. axb5 Nxb5 34. Nd2 Bb4 35. Ke3 Nd4 36. Nc4 Nxb3 37. Kd3 a5 38. Kc2 Nc5 39. Kb2 Nxe4 0-1

[Event "GRE-chT 45th"]
[Site "Achaia"]
[Date "2017.07.04"]
[Round "2.13"]
[White "Papageorgiou, Fotini"]
[Black "Makrigianni, Eleni Iokasti"]
[Result "1-0"]
[WhiteElo "1427"]
[BlackElo "1047"]
[PlyCount "39"]
[EventDate "2017.07.03"]
[EventType "team-swiss"]
[EventRounds "7"]
[EventCountry "GRE"]
[SourceTitle "CBM 179 Extra"]
[Source "ChessBase"]
[SourceDate "2017.08.23"]
[SourceVersion "1"]
[SourceVersionDate "2017.08.23"]
[SourceQuality "1"]
[WhiteTeam "Glyfadas Zenon"]
[BlackTeam "Evoiki HS"]
[WhiteTeamCountry "GRE"]
[BlackTeamCountry "GRE"]

1. e4 e6 2. d4 d5 3. exd5 exd5 4. Nf3 Nf6 5. Bd3 Nc6 6. c3 Be6 7. Bg5 Be7 8. Nbd2 Qd6 9. Qc2 0-0-0 10. Nb3 Kb8 11. Nc5 h6 12. Bh4 Rde8 13. Qb3 Bc8 14. Bg3 Bd8+ 15. Kd1 Qe7 16. Re1 Qf8 17. Rxe8 Nxe8 18. Bb5 Ne7 19. Ne5 Ka8 20. Bd7 1-0

[Event "GRE-ch U14 Girls"]
[Site "Porto Rio"]
[Date "2016.07.04"]
[Round "7"]
[White "Makrigianni, Eleni Iokasti"]
[Black "Patriki, Alexandra"]
[Result "0-1"]
[WhiteElo "1085"]
[BlackElo "1039"]
[PlyCount "72"]
[EventDate "2016.06.28"]
[EventType "swiss"]
[EventRounds "7"]
[EventCountry "GRE"]
[SourceTitle "CBM 173 Extra"]
[Source "ChessBase"]
[SourceDate "2016.08.29"]
[SourceVersion "1"]
[SourceVersionDate "2016.08.29"]
[SourceQuality "1"]

1. e4 e5 2. Nf3 Nc6 3. Bc4 h6 4. c3 Nf6 5. d3 Na5 6. Nbd2 d6 7. 0-0 Be7 8. Qa4+ Nc6 9. Bd5 Bd7 10. Qb3 Nxd5 11. exd5 Na5 12. Qd1 b6 13. b4 Nb7 14. Re1 a5 15. bxa5 Rxa5 16. c4 0-0 17. Ne4 f5 18. Nc3 Bf6 19. Qd2 Re8 20. Bb2 b5 21. cxb5 Bxb5 22. Rab1 Bd7 23. Re3 Re7 24. Rbe1 Qe8 25. Qc2 c6 26. dxc6 Bxc6 27. Nd2 d5 28. R3e2 d4 29. Nd1 Re6 30. a3 Qg6 31. f3 Bg5 32. Kh1 Qh5 33. Nc4 Rc5 34. Rxe5 Rexe5 35. Rxe5 Bf4 36. h3 Bxe5 0-1

[Event "GRE-ch U14 Girls"]
[Site "Porto Rio"]
[Date "2016.06.30"]
[Round "3"]
[White "Makrigianni, Eleni Iokasti"]
[Black "Saridaki, Maria"]
[Result "0-1"]
[WhiteElo "1085"]
[BlackElo "1048"]
[PlyCount "62"]
[EventDate "2016.06.28"]
[EventType "swiss"]
[EventRounds "7"]
[EventCountry "GRE"]
[SourceTitle "CBM 173 Extra"]
[Source "ChessBase"]
[SourceDate "2016.08.29"]
[SourceVersion "1"]
[SourceVersionDate "2016.08.29"]
[SourceQuality "1"]

1. e4 e5 2. Nf3 Nc6 3. Bc4 Nf6 4. d3 Bc5 5. c3 d6 6. 0-0 Bg4 7. Nbd2 0-0 8. Re1 Be6 9. Bb3 Ng4 10. Re2 Nxf2 11. Rxf2 Bxf2+ 12. Kxf2 Qf6 13. Kg1 h6 14. Nf1 Bg4 15. Ng3 Kh7 16. Ba4 Ne7 17. Qe2 Ng6 18. h3 Bxf3 19. gxf3 Nh4 20. Bd1 Qg6 21. Kh2 Kh8 22. b4 f5 23. Nxf5 Nxf5 24. exf5 Rxf5 25. Bc2 Qh5 26. Kg2 Raf8 27. Bd1 R5f6 28. Qe3 Rg6+ 29. Kh2 Qh4 30. f4 Rxf4 31. Bf3 Qg3+ 0-1